000 00686cab a2200217 4500
001 WB3440-32
008 090401t1998 xxu||||| |||| 00| 0 eng d
035 _a(Sirsi) u89195
041 _aeng
245 _aDamages for disrepair
260 _c1998
350 _a0
490 _aEstates Gazette
_v(9842) 17 October 1998, 165(1)
520 _aDiscusses "Wallace v Manchester City Council", a Court of Appeal decision which clarifies the way in which damages are assessed in repairs disputes.
650 _aASSESSMENT OF DAMAGES
650 _aREPAIRS
650 _aWALLACE V MANCHESTER CITY COUNCIL
690 _aLandlord and tenant
_96252
942 _n0
948 _c21/10/1998
999 _c56413
_d56413